000 00564nam 22001933 4500
001 201538
090 _a201538
100 _a20240123d u||y0pory50 ba
200 _aCarta a Otelo
_fGastão Cruz
210 _aLisboa
_c& etc
_dimp. 1984
215 _a[8] p.
_cbrochado
_d18 cm
225 _aSubterrâneo três
300 _aContém dedicatória na folha de rosto
606 _923
_aLiteratura Portuguesa
_xPoesia
675 _a821.134.3-1
_vPT
_zpor
700 _93552
_aCruz
_bGastão
_f1941-2022
801 _aPT
_bBMMN
_gRPC
830 _cAna Falardo
_fAna Falardo
990 _cLIVROS